[Event "Club Championship 2022 B"]
[Site "Wellington Chess Club"]
[Date "2022.10.27"]
[Round "5.3"]
[White "Benitez, Edgar"]
[Black "Aldridge, Alan"]
[Result "0-1"]
[WhiteElo "1952"]
[BlackElo "1806"]

1. d4 Nf6 2. Bf4 c5 3. e3 b6 4. Nd2 e6 5. Ngf3 Bb7 6. c3 Be7 7. Bd3 d5 8. Qe2
Nc6 9. O-O-O O-O 10. h3 a6 11. g4 b5 12. dxc5 b4 13. c4 Qa5 14. Kb1 Qxc5 15. g5
dxc4 16. Nxc4 Nd5 17. Bg3 Nb6 18. Rc1 Nxc4 19. Rxc4 Qa5 20. Rhc1 b3 21. a3 Qb6
22. Ne5 Nxe5 23. Bxh7+ Kxh7 24. Qh5+ Kg8 25. Bxe5 Rac8 26. g6 fxg6 27. Qxg6 Bf6
28. Bxf6 Rxf6 29. Rxc8+ Bxc8 30. Rxc8+ Rf8 31. Rxf8+ Kxf8 32. Qd3 a5 33. Qc4
Qb7 34. Kc1 Qh1+ 35. Kd2 Qxh3 36. Qxb3 Qf5 37. Qb8+ Ke7 38. Qc7+ Ke8 39. Qc6+
Kd8 40. f4 Ke7 41. Qc7+ Ke8 42. Qd6 g6 43. b4 axb4 44. axb4 Qg4 45. Qc6+ Kf7
46. b5 Qg3 47. Qd7+ Kf6 48. Qd4+ Kf7 49. b6 Qg2+ 50. Kc3 Qc6+ 51. Kb4 Ke8 52.
Qc5 Qe4+ 53. Kb5 Qd3+ 54. Kc6 Qd7# 0-1

[Event "Club Championship 2022 B"]
[Site "Wellington Chess Club"]
[Date "2022.10.27"]
[Round "5.4"]
[White "Chen, Wei Kai"]
[Black "Rossiter, Philip"]
[Result "1/2-1/2"]
[WhiteElo "1966"]
[BlackElo "1839"]

1. e4 e6 2. d4 a6 3. Nf3 c5 4. d5 exd5 5. exd5 d6 6. Bd3 Nf6 7. c4 Be7 8. O-O
Bg4 9. Nc3 O-O 10. Re1 Nbd7 11. h3 Bh5 12. Bf4 Re8 13. g4 Bg6 14. Bxg6 hxg6 15.
Qd3 Qc7 16. Re2 Bf8 17. Rae1 Rxe2 18. Rxe2 Re8 19. Rxe8 Nxe8 20. g5 Ne5 21.
Nxe5 dxe5 22. Bg3 Bd6 23. h4 Qd7 24. Qe3 Qg4 25. Ne4 Qd1+ 26. Kh2 b5 27. cxb5
axb5 28. Nxd6 Nxd6 29. Qxe5 Nf5 30. Qe8+ Kh7 31. Qe5 Nd4 32. Qe4 Nf3+ 33. Kg2
Ne1+ 34. Kh2 Nf3+ 1/2-1/2

[Event "Club Championship 2022 B"]
[Site "Wellington Chess Club"]
[Date "2022.10.27"]
[Round "5.5"]
[White "Winsley, Nicholas"]
[Black "Jackson, Ross"]
[Result "1/2-1/2"]
[WhiteElo "1943"]
[BlackElo "1904"]

1. e4 c5 2. Nf3 d6 3. d4 cxd4 4. Nxd4 Nf6 5. Nc3 e5 6. Nf3 a6 7. Bc4 h6 8. Be3
Qc7 9. Bb3 Bd7 10. O-O Nc6 11. Qd2 Na5 12. Nd5 Nxd5 13. Bxd5 Nc4 14. Qc3 Rc8
15. Rfd1 Nxe3 16. Qxe3 Bc6 17. c3 Be7 18. Rd3 O-O 19. Bxc6 bxc6 20. Nd2 f5 21.
Rd1 fxe4 22. Nxe4 d5 23. Nc5 Bxc5 24. Qxc5 Rb8 25. R3d2 Rf7 26. c4 d4 27. Re1
Rf5 28. b3 Rbf8 29. h3 Qf7 30. Ree2 Qf6 31. Qb6 h5 32. f3 Qg6 33. Qa5 e4 34.
Qc7 exf3 35. Rf2 Rg5 36. Qe7 Re8 37. Qd7 Re1+ 1/2-1/2

[Event "Club Championship 2022 Swiss"]
[Site "Wellington Chess Club"]
[Date "2022.10.27"]
[Round "5.1"]
[White "Henrys, Francis"]
[Black "Ashe, Michael"]
[Result "1-0"]
[WhiteElo "1500"]
[BlackElo "1680"]

1. e4 c6 2. d4 d5 3. e5 Bf5 4. Nf3 e6 5. Bd3 Bxd3 6. Qxd3 c5 7. Be3 cxd4 8.
Bxd4 Nc6 9. c3 Nxd4 10. Nxd4 Ne7 11. Qb5+ Qd7 12. Qxd7+ Kxd7 13. b4 Nc6 14.
Nxc6 bxc6 15. O-O c5 16. a3 c4 17. Nd2 g6 18. f4 a5 19. Nf3 Be7 20. g3 Bd8 21.
Rfd1 Bb6+ 22. Kg2 h6 23. h3 Rhg8 24. Nd2 Ke7 25. Kf3 g5 26. Rf1 gxf4 27. Kxf4
Rg5 28. Nf3 Rf5+ 29. Kg4 Bc7 30. Kh4 Bxe5 31. g4 Bf6+ (31... Rxf3 32. Rxf3 axb4
) 32. Kg3 Rg8 33. b5 Bxc3 34. Rab1 Rf6 35. b6 Rb8 36. b7 Kd6 37. Rfc1 d4 38. a4
Kc7 39. Nxd4 Bb4 40. Rxc4+ Kxb7 41. Nc6 Ka8 42. Nxb8 Bd6+ 43. Kg2 Bxb8 44. Rc8
1-0

[Event "Club Championship 2022 Swiss"]
[Site "Wellington Chess Club"]
[Date "2022.10.27"]
[Round "5.2"]
[White "Lyall, Gordon"]
[Black "Sole, Michael"]
[Result "0-1"]
[WhiteElo "1940"]
[BlackElo "2149"]

1. c4 e6 2. e4 d5 3. cxd5 exd5 4. exd5 Nf6 5. Nc3 Nxd5 6. Nf3 Be7 7. Nxd5 Qxd5
8. Be2 O-O 9. O-O Nc6 10. b3 Bf6 11. Ba3 Re8 12. Rb1 Bf5 13. d3 Rad8 14. Bb2
Be7 15. Ne1 Nb4 16. a3 Nxd3 17. Nxd3 Bxd3 18. Bxd3 Qxd3 19. Qg4 Bf8 20. h4 Re4
21. f4 Re2 22. Be5 Qe3+ 23. Kh1 Rdd2 24. Rg1 h5 25. Qc8 Qg3 0-1

[Event "Club Championship 2022 Swiss"]
[Site "Wellington Chess Club"]
[Date "2022.10.27"]
[Round "5.3"]
[White "Symon, Chris"]
[Black "Webster, Jamie"]
[Result "1/2-1/2"]
[WhiteElo "1863"]
[BlackElo "1702"]

1. d4 d5 2. c4 c6 3. Nc3 Nf6 4. Bg5 dxc4 5. e4 b5 6. e5 Nd5 7. a4 Nxc3 8. bxc3
Qb6 9. g3 Bf5 10. Bg2 e6 11. Ne2 Nd7 12. O-O Rb8 13. Nc1 a6 14. g4 Bg6 15. Be3
Qc7 16. axb5 axb5 17. f4 h6 18. Qf3 Rc8 19. f5 exf5 20. gxf5 Bh7 21. e6 Nf6 22.
Bf4 Bd6 23. Bxd6 Qxd6 24. exf7+ Kxf7 25. Ra7+ Rc7 26. Rxc7+ Qxc7 27. Qxc6 Qxc6
28. Bxc6 Rb8 29. Na2 Rb6 30. Nb4 Rb8 31. h3 Ne8 32. Bd5+ Kf6 33. Be6 Nc7 34. d5
Ne8 35. Rf3 Nd6 36. Nc6 Ra8 37. Nd4 Ra2 38. Kf1 Rb2 39. Ke1 b4 40. cxb4 Rxb4
41. Kd2 Ne4+ 42. Kc2 Ra4 43. Nb5 Rb4 44. Nd4 Nd6 45. Kc3 Rb7 46. h4 Rb1 47. Rf4
Rg1 48. Kb4 Rb1+ 49. Kc5 Ke5 50. Rg4 Nxf5 51. Nc6+ Kf6 52. Bxf5 Bxf5 53. Rxc4
Rd1 54. Kd6 g5 55. hxg5+ hxg5 56. Rd4 Rxd4 57. Nxd4 g4 58. Nxf5 Kxf5 59. Ke7 g3
60. d6 g2 61. d7 g1=Q 62. d8=Q 1/2-1/2

[Event "Club Championship 2022 Swiss"]
[Site "Wellington Chess Club"]
[Date "2022.10.27"]
[Round "5.4"]
[White "Malcolm, Aidan"]
[Black "Enegbuma, Wallace"]
[Result "0-1"]
[WhiteElo "1780"]
[BlackElo "1841"]

1. e4 c5 2. Be2 Nc6 3. d3 Nf6 4. f4 d6 5. Nf3 g6 6. O-O Bg7 7. Qe1 Bg4 8. Kh1
Bxf3 9. Bxf3 Nd4 10. Bd1 Qc7 11. c3 Nc6 12. a4 a6 13. Nd2 O-O-O 14. Nf3 h5 15.
d4 e6 16. b4 cxd4 17. b5 Nb8 18. cxd4 d5 19. Ba3 Kd7 20. Rc1 Qb6 21. Bc5 Qc7
22. Bb3 Nxe4 23. Bb4 Qb6 24. Ba5 Qd6 25. Ne5+ Ke8 26. Rc7 Nd7 27. Nxd7 b6 28.
Bxb6 Rxd7 29. Rc8+ Ke7 30. Bc5 Rxc8 31. Bxd6+ Rxd6 32. Qd1 axb5 33. axb5 Rb6
34. Bc2 Nc3 35. Qa1 Nxb5 36. Qa5 Bxd4 37. Ba4 Nd6 38. h3 Rcb8 39. Rc1 Be3 40.
Rc7+ Kf6 41. Qc3+ d4 42. Qd3 Rb1+ 43. Bd1 Nf5 44. Rc2 Bxf4 45. g3 Be3 46. Kg2
Bg5 47. Rf2 Be3 48. Rf1 R8b2+ 49. Bc2 Rxf1 50. Kxf1 Nxg3+ 51. Ke1 Ra2 52. Bb1
Rh2 53. Kd1 Rd2+ 54. Qxd2 Bxd2 55. Kxd2 Ke5 56. Kd3 Kd5 57. Ba2+ Ke5 58. Bb1
Nf5 59. Ke2 Kf4 60. Kf2 e5 61. Ba2 f6 62. Bf7 Ne7 63. Ke2 e4 64. Be8 Kg3 65.
Bd7 f5 66. Ba4 Kxh3 67. Bd1 Kg3 68. Kf1 d3 69. Ke1 e3 70. Bb3 f4 71. Bc4 d2+
72. Kd1 f3 0-1

[Event "Club Championship 2022 Swiss"]
[Site "Wellington Chess Club"]
[Date "2022.10.27"]
[Round "5.5"]
[White "Hall, Nathan"]
[Black "Saglam, Yigit"]
[Result "0-1"]
[WhiteElo "1950"]
[BlackElo "1500"]

1. e4 d5 2. exd5 Nf6 3. Bb5+ Nbd7 4. c4 a6 5. Bxd7+ Bxd7 6. d4 g6 7. Nf3 Bg7 8.
O-O O-O 9. Nc3 b5 10. b3 c5 11. Bb2 Qb6 12. dxc5 Qxc5 13. Qd4 Qc7 14. Qe5 Qb6
15. Qxe7 Rfe8 16. c5 Rxe7 17. cxb6 Rb8 18. Ba3 Ree8 19. Bc5 Bg4 20. Rfe1 Rxe1+
21. Rxe1 Bxf3 22. gxf3 Nd7 23. Ne4 f5 24. Bd6 Rxb6 25. Bc5 Rb8 26. b4 fxe4 27.
fxe4 Re8 28. Kf1 Be5 29. h3 Rc8 30. Be3 Rc4 31. f4 Bc3 32. Rc1 Nf6 33. d6 Nxe4
34. d7 Bf6 35. Rxc4 bxc4 36. Ke1 Bd8 37. a4 Nc3 38. a5 Nd5 39. Bc5 Nxb4 40.
Bxb4 Kf7 41. Kd2 Ke6 42. Kc3 Kxd7 43. Kxc4 Kc6 44. Bd2 Bc7 45. Kd4 Kb5 46. Kd5
Bxa5 47. Bc1 Bc3 48. Ba3 a5 49. Ke4 Kc4 50. Ke3 a4 51. Ke2 Kb3 52. Bd6 Bb4 53.
Be5 a3 54. Kd1 Bc3 55. Kc1 a2 0-1

[Event "Club Championship 2022 Swiss"]
[Site "Wellington Chess Club"]
[Date "2022.10.27"]
[Round "5.6"]
[White "Lavender, Ariel"]
[Black "Marney, John"]
[Result "1-0"]
[WhiteElo "1485"]
[BlackElo "1692"]

1. d4 d5 2. Nf3 Nf6 3. c4 e6 4. g3 Be7 5. Bg2 Nbd7 6. O-O O-O 7. Re1 dxc4 8. e4
c5 9. Na3 Nb6 10. e5 Nfd5 11. Qe2 Bd7 12. h4 cxd4 13. Nxc4 Bb5 14. b3 Rc8 15.
Nxd4 Bxc4 16. bxc4 Nxc4 17. Qg4 Re8 18. Nxe6 fxe6 19. Qxe6+ Kh8 20. Qxd5 Bf6
21. Qxd8 Rcxd8 22. f4 Rd3 23. Re4 Nxe5 24. fxe5 Rxe5 25. Bf4 Rxe4 26. Bxe4 Rd7
27. Rc1 g6 28. Bh6 Kg8 29. Rf1 Bd4+ 30. Kg2 Bc5 31. Bc2 b5 32. Bb3+ Kh8 33. Rf7
Rd8 34. Bg7+ 1-0

[Event "Club Championship 2022 Swiss"]
[Site "Wellington Chess Club"]
[Date "2022.10.27"]
[Round "5.7"]
[White "McConnell, Jack"]
[Black "Lawrence, Hugo"]
[Result "1-0"]
[WhiteElo "1410"]
[BlackElo "1629"]

1. d4 Nf6 2. Nc3 d5 3. Bg5 c5 4. Bxf6 exf6 5. e3 Be6 6. Nge2 Nd7 7. g3 Be7 8.
Bg2 Nb6 9. O-O c4 10. e4 g5 11. f4 dxe4 12. Nxe4 Nd5 13. Qd2 h6 14. c3 f5 15.
Nf2 g4 16. Nd1 h5 17. Ne3 Nxe3 18. Qxe3 Qd7 19. d5 O-O-O 20. dxe6 fxe6 21. Rad1
Qc7 22. Qxe6+ Kb8 23. Rxd8+ Rxd8 24. Nd4 h4 25. Re1 hxg3 26. Qxe7 gxh2+ 27. Kh1
Qxe7 28. Rxe7 g3 29. Rxb7+ Kc8 30. Rxa7 Rd6 31. Ra8+ Kd7 32. Rg8 1-0

[Event "Club Championship 2022 Swiss"]
[Site "Wellington Chess Club"]
[Date "2022.10.27"]
[Round "5.8"]
[White "Loke, Kayden"]
[Black "Didar Ali, Azar"]
[Result "1-0"]
[WhiteElo "1974"]
[BlackElo "1500"]

1. e4 e5 2. Nf3 Nc6 3. Nc3 Bc5 4. Nxe5 Nxe5 5. d4 Bxd4 6. Qxd4 d6 7. h4 Nf6 8.
Bg5 h6 9. Bxf6 Qxf6 10. O-O-O Be6 11. Nb5 O-O 12. Nxc7 Rac8 13. Nxe6 Qxe6 14.
Qxd6 Qxa2 15. Qxe5 Qa1+ 16. Kd2 Rfd8+ 17. Bd3 Qa4 18. Ke3 Re8 19. Qd4 Qc6 20.
c3 Kh8 21. Bc2 f5 22. f3 Qg6 23. Ba4 Rf8 24. exf5 Rxf5 25. Bd7 Qxg2 26. Bxf5
Qxb2 27. Qd8+ 1-0

[Event "Club Championship 2022 Swiss"]
[Site "Wellington Chess Club"]
[Date "2022.10.27"]
[Round "5.9"]
[White "Katkodia, Ali"]
[Black "Brockway, Andrew"]
[Result "1-0"]
[WhiteElo "1500"]
[BlackElo "1684"]

1. e4 c5 2. Nf3 g6 3. d4 cxd4 4. Nxd4 Nc6 5. Nc3 Bg7 6. Be3 Nf6 7. Be2 O-O 8.
Qd2 d6 9. O-O-O Ng4 10. Bxg4 Bxg4 11. f3 Bd7 12. Nde2 Ne5 13. Bd4 Nc4 14. Qd3
Ne5 15. Bxe5 Bxe5 16. f4 Bxc3 17. Nxc3 Qa5 18. Kb1 Bc6 19. g4 a6 20. h4 h5 21.
Rdg1 f6 22. f5 gxf5 23. gxf5+ Kh7 24. Qf3 Be8 25. Qg3 1-0

[Event "Club Championship 2022 Swiss"]
[Site "Wellington Chess Club"]
[Date "2022.10.27"]
[Round "5.10"]
[White "Keith, Matthew"]
[Black "Farrington, Lawrence"]
[Result "1-0"]
[WhiteElo "1500"]
[BlackElo "1600"]

1. e4 e6 2. d4 d5 3. Nc3 Bb4 4. e5 Ne7 5. Nf3 c5 6. a3 Bxc3+ 7. bxc3 Nbc6 8.
Bd3 cxd4 9. cxd4 Bd7 10. O-O h6 11. a4 Na5 12. Nd2 O-O 13. Nb3 Nxb3 14. cxb3
Nf5 15. Bxf5 exf5 16. Ba3 Re8 17. f4 Be6 18. Qd3 Qb6 19. Bc5 Qd8 20. Bd6 Qd7
21. Rac1 Rac8 22. Qe3 a6 23. Qd2 Rxc1 24. Rxc1 Rc8 25. Rc2 Rxc2 26. Qxc2 Qc8
27. Qxc8+ Bxc8 28. a5 Bd7 29. Kf2 Kh7 30. Ke3 g5 31. g3 Kg6 32. Kf3 Kh5 33. Be7
gxf4 34. Kxf4 Kg6 35. Bf6 Bb5 36. h4 h5 37. Ke3 Bf1 38. Kd2 Bb5 39. Kc3 Kh7 40.
Kb4 Kg8 41. Kc5 Bc6 42. b4 Kf8 43. b5 Bxb5 44. Kxd5 Ke8 45. Kd6 Bc6 46. d5 Bb5
47. Kc7 Bc4 48. d6 Be6 49. Kxb7 Bc4 50. Kc6 Be6 51. Kc5 Kd7 52. Kd4 Bb3 53. Ke3
Bd1 54. Kf4 Bg4 55. Kg5 Ke8 56. Be7 Kd7 57. Kf6 Ke8 58. Kg7 Bh3 59. Kg8 Bg4 60.
Kg7 Bh3 61. Kf6 Bg4 62. d7+ Kxd7 63. Kxf7 Bh3 64. Bf6 f4 65. gxf4 Bf5 66. Kg7
Ke6 67. Kh6 Bg4 68. Kg5 Kd5 69. f5 Ke4 70. e6 Bxf5 71. e7 Bd7 72. Kxh5 Kf5 73.
Bg5 Be8+ 74. Kh6 Ke6 75. Kg7 Kd7 76. Kf8 Bh5 77. Be3 Be8 78. Bc5 Bh5 79. Kg7
Ke8 80. Kh6 Be2 81. Kg5 Kf7 82. h5 Bd3 83. h6 Bh7 84. Kf4 Ke8 85. Ke5 Kd7 86.
Kf6 Ke8 87. Kg7 1-0

[Event "Club Championship 2022 Swiss"]
[Site "Wellington Chess Club"]
[Date "2022.10.27"]
[Round "5.11"]
[White "Carlyle, Mathieson"]
[Black "Nazeer, Afique"]
[Result "1-0"]
[WhiteElo "1532"]
[BlackElo "1500"]

1. e4 e5 2. Nf3 Nf6 3. Nxe5 d6 4. Nf3 Nxe4 5. Bb5+ Bd7 6. Bxd7+ Qxd7 7. Qe2 Be7
8. Qxe4 Nc6 9. Nc3 O-O-O 10. O-O Rde8 11. Nd5 Bd8 12. Qa4 Qf5 13. c4 Re4 14.
Ne3 Qg6 15. d3 Re6 16. Rd1 a6 17. b4 Ne5 18. Nxe5 Rxe5 19. b5 axb5 20. Qa8+ Kd7
21. Qxb7 bxc4 22. Nxc4 Re6 23. Nb6+ Ke8 24. Qc6+ Ke7 25. Qd7+ Kf6 26. Bb2+ Kg5
27. Nd5 Bf6 28. Bxf6+ gxf6 29. g3 Qf5 30. Qxf7 Kh6 31. Nf4 Ree8 32. Re1 Reg8
33. Re6 Rf8 34. Qxc7 Rd8 35. Rae1 d5 36. Qc1 Rc8 37. Qd2 Rc7 38. Nxd5+ Kg6 39.
Rxf6+ Qxf6 40. Nxf6 Kxf6 41. Qb2+ Kf7 42. Qxh8 Rc2 43. Qxh7+ Kf6 44. Qe7+ Kf5
45. Re5+ Kg4 46. Kg2 Rxf2+ 47. Kxf2 Kh3 48. Qh4# 1-0

[Event "Club Championship 2022 Swiss"]
[Site "Wellington Chess Club"]
[Date "2022.10.27"]
[Round "5.12"]
[White "Scott, Callum"]
[Black "Mangera, Mohammad"]
[Result "1/2-1/2"]
[WhiteElo "1652"]
[BlackElo "1510"]

1. e4 e5 2. Nf3 Nc6 3. Bb5 a6 4. Ba4 Nf6 5. O-O Bc5 6. Nxe5 Nxe5 7. d4 Bxd4 8.
Qxd4 Nc6 9. Qd3 O-O 10. Bg5 d6 11. Nc3 Ne5 12. Qe2 c6 13. h3 b5 14. Bb3 b4 15.
Nd1 a5 16. Re1 Ba6 17. Qd2 c5 18. c3 h6 19. Bh4 Bc8 20. Bd5 Rb8 21. Ne3 bxc3
22. Qxc3 h5 23. Nc4 Nxc4 24. Bxc4 Be6 25. Rad1 Bxc4 26. Qxc4 Rxb2 27. a3 Re8
28. e5 d5 29. Qxc5 Nd7 30. Bxd8 Nxc5 31. Rxd5 Nb3 32. Bxa5 Nxa5 33. Rxa5 f6 34.
e6 g5 35. Ra7 Rb6 36. a4 Rexe6 37. Rxe6 Rxe6 38. a5 Kf8 39. a6 Ke8 40. Ra8+ Kd7
41. Rb8 Rxa6 1/2-1/2

[Event "Club Championship 2022 Swiss"]
[Site "Wellington Chess Club"]
[Date "2022.10.27"]
[Round "5.13"]
[White "Saglam, Azra"]
[Black "Ulm, Joy"]
[Result "0-1"]
[WhiteElo "1500"]
[BlackElo "1500"]

1. d4 Nf6 2. Nf3 d5 3. Bf4 Bg4 4. Nbd2 e6 5. h3 Bh5 6. e3 c5 7. c3 Nc6 8. a3
Be7 9. Be2 O-O 10. Ne5 Bxe2 11. Qxe2 Bd6 12. b4 c4 13. b5 Ne7 14. O-O a6 15. a4
axb5 16. axb5 Qc7 17. Bh2 Qb6 18. f3 Qxb5 19. Rab1 Qa6 20. e4 Rfe8 21. g4 h6
22. Qe3 Nc6 23. f4 Bxe5 24. fxe5 Nh7 25. Qf2 Ng5 26. Kh1 Rf8 27. exd5 exd5 28.
Rbe1 Nxh3 29. Qg2 Ng5 30. Nf3 Ne4 31. Re3 Qa2 32. Re2 Qb3 33. Re3 Ra2 34. Re2
Rxe2 35. Qxe2 Nxc3 36. Qe3 b5 37. e6 Kh8 38. exf7 Ne4 39. Qxb3 cxb3 40. Ne5
Nxe5 41. dxe5 Ng5 42. Rb1 Rxf7 43. Rxb3 Rb7 44. Kg2 Kg8 45. Bf4 Ne6 46. Rf3
Nxf4+ 47. Rxf4 b4 48. Rf1 b3 49. Kf2 Kf7 50. Ke3+ Ke6 51. Kd4 b2 0-1

[Event "Club Championship 2022 Swiss"]
[Site "Wellington Chess Club"]
[Date "2022.10.27"]
[Round "5.14"]
[White "Wang, Timothy"]
[Black "He, Jacob"]
[Result "1-0"]
[WhiteElo "1500"]
[BlackElo "1500"]

1. d4 d5 2. c4 e6 3. Nc3 Nf6 4. Nf3 Nc6 5. Bf4 Bb4 6. Qc2 Bxc3+ 7. Qxc3 Ne4 8.
Qc2 Nf6 9. e3 b6 10. cxd5 Nb4 11. Qa4+ Bd7 12. Qxb4 {Illegal move played now -
12 ....0-0. White won on move 27} 1-0

[Event "Club Championship 2022 Swiss"]
[Site "Wellington Chess Club"]
[Date "2022.10.27"]
[Round "5.15"]
[White "Hupert, Leo"]
[Black "He, Zachary"]
[Result "1-0"]
[WhiteElo "1385"]
[BlackElo "1500"]

1. e4 e6 2. d4 d5 3. e5 c5 4. Nf3 Nc6 5. Bb5 Bd7 6. Bxc6 Bxc6 7. dxc5 Bxc5 8.
Be3 Bxe3 9. fxe3 f6 10. Nd4 fxe5 11. Qh5+ g6 12. Qxe5 Qf6 13. Qxe6+ Qxe6 14.
Nxe6 Rc8 15. Nc3 Ke7 16. Nf4 Rd8 17. O-O-O Nf6 18. Rhg1 g5 19. Nfe2 Ng4 20. Nd4
Nxe3 21. Rde1 Kd7 22. Rxe3 Rhe8 23. Rh3 Re7 24. Rh5 g4 25. Nxd5 Bxd5 26. Rxd5+
Kc8 27. Rxd8+ Kxd8 28. Rd1 Rd7 29. Nc6+ bxc6 30. Rxd7+ Kxd7 31. Kd2 Kd6 32. Ke3
Ke5 33. b4 Kd5 34. Kd3 c5 35. c4+ Kc6 36. b5+ Kb6 37. Kc3 Ka5 38. Kb3 h6 39. a4
a6 40. Kc3 axb5 41. axb5 h5 42. Kd3 Kb6 43. Ke4 h4 44. Kf4 1-0

[Event "Club Championship 2022 Swiss"]
[Site "Wellington Chess Club"]
[Date "2022.10.27"]
[Round "5.16"]
[White "Kumar, Mahesh"]
[Black "Mavaram, Eashan"]
[Result "1-0"]
[WhiteElo "1500"]
[BlackElo "1349"]

1. e4 c5 2. Nc3 Nc6 3. Bc4 e6 4. Nf3 Nge7 5. d3 g6 6. Bb5 a6 7. Bxc6 Nxc6 8.
O-O Bg7 9. Bd2 O-O 10. Re1 b5 11. e5 Bb7 12. Bf4 Ne7 13. d4 cxd4 14. Qxd4 Bxf3
15. gxf3 Nf5 16. Qb4 Qh4 17. Re4 Qd8 18. Rd1 Nh4 19. Rd3 Nf5 20. Bg3 Qc7 21. f4
Rfb8 22. Re2 a5 23. Qe4 Qc4 24. Rxd7 Qc5 25. Red2 h5 26. Qg2 h4 27. Ne4 Qf8 28.
Ng5 hxg3 29. hxg3 Nh6 30. Qh3 Rd8 31. Nxe6 fxe6 32. Qxe6+ Kh8 33. Qxg6 Rxd7 34.
Rxd7 Rd8 35. Rb7 Qc5 36. Qxg7# 1-0

[Event "Club Championship 2022 Swiss"]
[Site "Wellington Chess Club"]
[Date "2022.10.27"]
[Round "5.17"]
[White "Fairbrother, Rebecca"]
[Black "Wang, Justin"]
[Result "0-1"]
[WhiteElo "1500"]
[BlackElo "1500"]

1. e4 c5 2. Nc3 d6 3. Nf3 Nc6 4. d3 g6 5. Be3 Bg7 6. Be2 Nf6 7. h3 O-O 8. O-O
Nd7 9. a3 Qb6 10. Rb1 Nde5 11. b4 Nxf3+ 12. Bxf3 Bxc3 13. Bxc5 dxc5 14. Qc1 Be6
15. Qe3 cxb4 16. Qxb6 axb6 17. Rbd1 Rxa3 18. e5 Nd4 19. Bxb7 Nxc2 20. Rc1 b3
21. Rfd1 Ra1 22. Be4 b2 23. Rb1 Ba2 24. d4 Rxb1 25. Bxc2 Rxd1+ 26. Bxd1 b1=Q
27. Kh2 Bxd4 28. f4 Qxd1 29. Kg3 Be6 30. Kh4 Qe1+ 31. Kg5 f6+ 32. exf6 exf6+
33. Kh6 Qh4# 0-1

[Event "Club Championship 2022 A"]
[Site "Wellington Chess Club"]
[Date "2022.11.03"]
[Round "6.1"]
[White "Tanoi, T Edward"]
[Black "Van der Hoorn, Thomas"]
[Result "0-1"]
[WhiteElo "1984"]
[BlackElo "2056"]

1. e4 c6 2. d4 d5 3. e5 c5 4. c3 Nc6 5. Be3 cxd4 6. cxd4 Nh6 7. Nf3 Bg4 8. Nbd2
e6 9. Be2 Qb6 10. O-O Bb4 11. Nb3 Nf5 12. Ng5 Bxe2 13. Qxe2 O-O 14. Qh5 h6 15.
g4 Nxe3 16. fxe3 Nxe5 17. Nh7 Kxh7 18. Qxe5 a5 19. Rf2 a4 20. Nc1 Be7 21. Nd3
Qd6 22. Qh5 Bg5 23. Re1 g6 24. Qh3 f5 25. gxf5 Rxf5 26. Rxf5 exf5 27. Rf1 Re8
28. Ne5 Bf6 29. Rxf5 Bxe5 30. Rxe5 Rxe5 31. dxe5 Qxe5 32. Qd7+ Qg7 33. Qxd5
Qxb2 34. e4 Qc1+ 35. Kf2 Qf4+ 36. Ke1 Qc7 37. e5 Kg7 38. Kd2 Qc6 39. Qd4 Kf7
40. Qf4+ Ke6 41. Qxh6 Kxe5 42. Qg5+ Kd4 43. Qe3+ Kd5 44. Qg5+ Kc4 45. Qg4+ Kb5
46. Qe2+ Kb6 47. Kd1 Ka5 48. Qd2+ Ka6 49. a3 Qf6 50. Qd3+ b5 51. h3 g5 52. Kc2
Qf4 53. Kd1 Kb6 54. Kc2 Qc4+ 55. Qxc4 bxc4 56. Kd2 Kc5 57. Kc3 Kd5 0-1

[Event "Club Championship 2022 A"]
[Site "Wellington Chess Club"]
[Date "2022.11.03"]
[Round "6.2"]
[White "Dive, Russell"]
[Black "Cilia Vincenti, David"]
[Result "1-0"]
[WhiteElo "2384"]
[BlackElo "2125"]

1. c4 f5 2. Nf3 Nf6 3. g3 g6 4. Bg2 Bg7 5. O-O O-O 6. d4 d6 7. Nc3 c6 8. e3 Qc7
9. d5 e5 10. dxe6 Bxe6 11. Qe2 Na6 12. Ng5 Bd7 13. Rb1 h6 14. Nh3 g5 15. f4 g4
16. Nf2 Be6 17. Rd1 Rad8 18. b4 Qf7 19. b5 Bxc4 20. Qc2 Nc5 21. bxc6 bxc6 22.
Bxc6 Be6 23. Ba3 Qc7 24. Nd5 Nxd5 25. Bxd5 Qf7 26. Qc4 Bxd5 27. Qxd5 Qxd5 28.
Rxd5 Rfe8 29. Rbd1 Na4 30. R1d3 Nc3 31. Rxf5 Rb8 32. Nxg4 Rb1+ 33. Kg2 Ra1 34.
Rd2 Nb1 35. Rxd6 Rxa2+ 36. Kh3 Rxa3 37. Rd7 Rf8 38. Rb5 h5 39. Rxh5 Ra6 40. Rb5
Rb6 41. Rxb6 axb6 42. Rb7 Nc3 43. Rxb6 Re8 44. Kg2 Nd5 45. Rb3 Bc3 46. Kf3 Bg7
47. e4 1-0

[Event "Club Championship 2022 A"]
[Site "Wellington Chess Club"]
[Date "2022.11.03"]
[Round "6.3"]
[White "Pomeroy, Arthur"]
[Black "Forster, Bill"]
[Result "1/2-1/2"]
[WhiteElo "2022"]
[BlackElo "2035"]

1. e4 e5 2. Nf3 Nc6 3. Bb5 a6 4. Ba4 Nf6 5. O-O Be7 6. Re1 d6 7. d4 b5 8. Bb3
O-O 9. c3 Bb7 10. Nbd2 Nd7 11. Nf1 Na5 12. Bc2 Bf6 13. Ne3 g6 14. Ng4 Bg7 15.
Bh6 Nf6 16. Bxg7 Kxg7 17. Nxf6 Qxf6 18. dxe5 dxe5 19. Qe2 Nc4 20. Bd3 Nd6 21.
a4 Bc6 22. a5 Qe7 23. Nd2 Qg5 24. Nf3 Qe7 25. Nd2 1/2-1/2

[Event "Club Championship 2022 A"]
[Site "Wellington Chess Club"]
[Date "2022.11.03"]
[Round "6.4"]
[White "Croad, Nic"]
[Black "Ker, Anthony"]
[Result "1/2-1/2"]
[WhiteElo "2439"]
[BlackElo "2428"]

1. e4 c5 2. Nf3 g6 3. d4 cxd4 4. Qxd4 Nf6 5. Nc3 Nc6 6. Qa4 d6 7. e5 Ng4 8. Bf4
Bg7 9. exd6 O-O 10. Bb5 e5 11. Bg3 Qxd6 12. O-O Bf5 13. Rad1 Qc5 14. h3 Nf6 15.
Bxc6 Qxc6 16. Qxc6 bxc6 17. Bxe5 Bxc2 18. Rd6 Ne4 19. Rxc6 Rfc8 20. Rxc8+ Rxc8
21. Bxg7 Kxg7 22. Nxe4 Bxe4 23. Nd4 Bd5 24. a3 a5 25. Re1 Kf6 26. f4 Rc4 27.
Rd1 a4 28. Kf2 h6 29. g3 g5 30. Ke3 Bg2 31. fxg5+ hxg5 32. h4 gxh4 33. gxh4 Rc8
34. Rg1 Bh3 35. Rg3 Bd7 36. Rf3+ Kg6 37. Rf4 Rb8 38. Rf2 f6 39. Ne2 Kh5 40. Kf4
Rg8 41. Ng3+ Kh6 42. Rd2 Bc8 43. Nf5+ Kh5 44. Ng3+ Kh6 45. h5 Rg4+ 46. Kf3 f5
47. Rd6+ Kh7 48. Rb6 Rc4 49. Rb4 Rc2 50. Ne2 Be6 51. Rb7+ Kg8 52. Rb6 Bb3 53.
Nd4 Rxb2 54. Kf4 Rb1 55. Kg5 Ba2 56. Rxb1 Bxb1 57. Nxf5 Kh7 58. Ne3 Kg7 59. Ng4
Kf7 60. Ne5+ Ke6 61. Ng6 Kf7 62. Nf4 Be4 63. Ne2 Ke6 64. Nc3 Bc2 65. h6 Kf7 66.
Nd5 Be4 67. Nb6 Bc2 68. Nc4 Ke6 69. Ne3 Bd3 70. Ng4 Bc2 71. Nf6 Kf7 72. Nd7 Bb1
73. Ne5+ Kg8 74. Ng6 Kh7 75. Ne7 Be4 76. Nc8 Kg8 77. Nd6 Bc2 78. Ne8 Kf7 79.
Nf6 Bb1 80. Nd5 Be4 81. Nf6 Bb1 82. Ng4 Ke6 83. Ne3 Bd3 84. Kf4 Bb1 85. Ng4 Kf7
86. Ne5+ Kf6 87. Nc4 Kg6 88. Nb2 Bc2 89. Ke3 Kxh6 90. Kd2 Bb3 91. Kc3 Kg5 92.
Kb4 Kf6 93. Nxa4 Bc2 94. Nc5 Ke5 95. Kc3 Kd5 96. Na6 Ba4 1/2-1/2

[Event "Club Championship 2022 A"]
[Site "Wellington Chess Club"]
[Date "2022.11.03"]
[Round "6.5"]
[White "Winter, Ryan"]
[Black "Archer, Ollie"]
[Result "1-0"]
[WhiteElo "2195"]
[BlackElo "2184"]

1. e4 e6 2. d3 d5 3. Nd2 Nf6 4. g3 b6 5. Bg2 Bb7 6. Qe2 Be7 7. Ngf3 c5 8. O-O
O-O 9. e5 Nfd7 10. Re1 Nc6 11. h4 Re8 12. Nf1 f6 13. Bf4 Ndxe5 14. Nxe5 Nxe5
15. Bh3 Bd6 16. Nh2 Kh8 17. c3 d4 18. c4 Qc7 19. Bxe5 Bxe5 20. f4 Bd6 21. Bg2
Bxg2 22. Qxg2 e5 23. fxe5 Bxe5 24. Kf2 Rad8 25. Re4 f5 26. Ree1 Re7 27. Nf1
Rde8 28. Qf3 Bf6 29. Qxf5 Be5 30. Kg2 Qc6+ 31. Qf3 Qg6 32. Re4 Bf6 33. h5 Qg5
34. Rae1 Be5 35. Nh2 Kg8 36. Ng4 Bd6 37. Rxe7 Bxe7 38. Re5 Qd2+ 39. Kh3 Qc1 40.
Qd5+ Kh8 41. Rxe7 Qf1+ 42. Kh2 Rf8 43. h6 Rf2+ 44. Nxf2 Qxf2+ 45. Qg2 1-0

[Event "Club Championship 2022 B"]
[Site "Wellington Chess Club"]
[Date "2022.11.03"]
[Round "6.1"]
[White "Aldridge, Alan"]
[Black "Chen, Wei Kai"]
[Result "1/2-1/2"]
[WhiteElo "1806"]
[BlackElo "1966"]

1. e4 e5 2. Nf3 Nc6 3. Bb5 Nf6 4. O-O a6 5. Ba4 b5 6. Bb3 Bc5 7. c3 d6 8. h3 h6
9. Re1 O-O 10. d3 Re8 11. Nbd2 Bb6 12. a4 Bd7 13. axb5 axb5 14. Rxa8 Qxa8 15.
Nf1 b4 16. Be3 Bxe3 17. Nxe3 bxc3 18. bxc3 Rb8 19. Kh2 Ne7 20. Bc2 Ng6 21. d4
exd4 22. Qxd4 Re8 23. Nd5 Nxd5 24. exd5 Rxe1 25. Nxe1 Qe8 26. Nf3 1/2-1/2